[Event "Madrid-ch Previa-A"]
[Site "Madrid"]
[Date "2017.02.08"]
[Round "3"]
[White "Rueda Maria, Ramiro"]
[Black "Hernanz Villaoslada, Javier"]
[Result "1/2-1/2"]
[WhiteElo "1819"]
[BlackElo "1719"]
[PlyCount "26"]
[EventDate "2017.02.06"]
[EventType "swiss"]
[EventRounds "9"]
[EventCountry "ESP"]
[SourceTitle "CBM 177 Extra"]
[Source "ChessBase"]
[SourceDate "2017.04.27"]
[SourceVersion "1"]
[SourceVersionDate "2017.04.27"]
[SourceQuality "1"]

1. c4 Nf6 2. Nf3 g6 3. Nc3 Bg7 4. g3 0-0 5. Bg2 d6 6. d4 Nbd7 7. 0-0 e5 8. e4 a5 9. Bg5 h6 10. dxe5 Nxe5 11. Nxe5 dxe5 12. Qxd8 Rxd8 13. Bxf6 Bxf6 1/2-1/2

[Event "Madrid Oliver Gonzalez Memorial-B 3rd"]
[Site "Madrid"]
[Date "2012.09.05"]
[Round "5"]
[White "Vargas Huamani, Juan Carlos"]
[Black "Hernanz Villaoslada, Javier"]
[Result "0-1"]
[WhiteElo "1898"]
[BlackElo "1658"]
[PlyCount "74"]
[EventDate "2012.09.01"]
[EventType "swiss"]
[EventRounds "9"]
[EventCountry "ESP"]
[SourceTitle "CBM 150 Extra"]
[Source "ChessBase"]
[SourceDate "2012.10.19"]
[SourceVersion "1"]
[SourceVersionDate "2012.10.19"]
[SourceQuality "1"]

1. c4 Nf6 2. g3 g6 3. Bg2 Bg7 4. d4 d6 5. Qc2 Nbd7 6. b3 0-0 7. Bb2 c5 8. e3 cxd4 9. exd4 Re8 10. Ne2 e5 11. 0-0 exd4 12. Nxd4 a5 13. Nc3 Nc5 14. Rad1 Bg4 15. f3 Be6 16. Nxe6 Rxe6 17. Nb5 Qb6 18. Nd4 Re7 19. Kh1 Rae8 20. Qd2 Re3 21. Bc3 Nfd7 22. Bxa5 Qa6 23. Nb5 Rd3 24. Qb4 b6 25. Nc7 bxa5 26. Rxd3 axb4 27. Nxa6 Nxd3 28. Rb1 Ra8 29. Nc7 Rxa2 30. f4 Bd4 31. h3 Bc5 32. h4 h5 33. Kh2 Nf6 34. Kh1 Ng4 35. Nd5 Ndf2+ 36. Kg1 Ne4+ 37. Kh1 Nxg3# 0-1

[Event "Madrid Oliver Gonzalez Memorial-B 3rd"]
[Site "Madrid"]
[Date "2012.09.04"]
[Round "4"]
[White "Hernanz Villaoslada, Javier"]
[Black "Alvarez Escudero, Manuel"]
[Result "1-0"]
[WhiteElo "1658"]
[BlackElo "1826"]
[PlyCount "63"]
[EventDate "2012.09.01"]
[EventType "swiss"]
[EventRounds "9"]
[EventCountry "ESP"]
[SourceTitle "CBM 150 Extra"]
[Source "ChessBase"]
[SourceDate "2012.10.19"]
[SourceVersion "1"]
[SourceVersionDate "2012.10.19"]
[SourceQuality "1"]

1. d4 d5 2. c4 c6 3. cxd5 Qxd5 4. Nc3 Qd8 5. e4 Nf6 6. Nf3 Bg4 7. Be2 e6 8. 0-0 Be7 9. Be3 0-0 10. Qb3 Qc7 11. Rac1 b6 12. e5 Nd5 13. Nxd5 exd5 14. Qxd5 Be6 15. Qe4 Bxa2 16. d5 Bc5 17. d6 Qb7 18. Bd3 g6 19. Bh6 Re8 20. Qf4 Nd7 21. b4 Bxb4 22. Qxb4 Nxe5 23. Nxe5 Rxe5 24. Qb2 f6 25. Qxa2+ Kh8 26. Bf4 Ra5 27. Qe6 Kg7 28. Be4 Qf7 29. Qxf7+ Kxf7 30. Rxc6 Rd8 31. Rc7+ Ke6 32. Re7# 1-0

[Event "Madrid-ch Previa-A"]
[Site "Madrid"]
[Date "2010.11.22"]
[Round "6"]
[White "Tirado Parra, Alberto"]
[Black "Hernanz Villaoslada, Javier"]
[Result "1-0"]
[WhiteElo "1908"]
[BlackElo "1669"]
[PlyCount "83"]
[EventDate "2010.11.10"]
[EventType "swiss"]
[EventRounds "9"]
[EventCountry "ESP"]
[SourceTitle "EXT 2012"]
[Source "ChessBase"]
[SourceDate "2011.11.24"]
[SourceVersion "1"]
[SourceVersionDate "2011.11.24"]
[SourceQuality "1"]

1. Nf3 Nf6 2. b3 d6 3. e3 e5 4. Bb2 g6 5. d4 e4 6. Nfd2 Bg7 7. c4 0-0 8. Nc3 Re8 9. Be2 c6 10. 0-0 d5 11. cxd5 cxd5 12. Rc1 Nc6 13. a3 a6 14. b4 Qd6 15. b5 Ne7 16. Nb3 Nd7 17. Na4 f5 18. Nac5 Qf6 19. Qd2 Nxc5 20. Nxc5 b6 21. Nxa6 Bxa6 22. bxa6 Rec8 23. Rxc8+ Rxc8 24. Rc1 Qe6 25. Rxc8+ Qxc8 26. Qc3 Qxc3 27. Bxc3 Nc6 28. Bb4 Bf8 29. h4 Bxb4 30. axb4 Kf7 31. Bd1 Ke7 32. Kf1 Kd6 33. Bb3 Na7 34. f3 Kc6 35. g4 b5 36. Kf2 Nc8 37. gxf5 gxf5 38. Kg3 Nd6 39. Bxd5+ Kb6 40. fxe4 fxe4 41. Kf4 Kxa6 42. Bxe4 1-0

[Event "Palma de Mallorca op 4th"]
[Site "Palma de Mallorca"]
[Date "2009.11.22"]
[Round "2"]
[White "Hernanz Villaoslada, Javier"]
[Black "Sara, Valerio"]
[Result "0-1"]
[WhiteElo "1705"]
[BlackElo "2072"]
[PlyCount "42"]
[EventDate "2009.11.21"]
[EventType "swiss"]
[EventRounds "9"]
[EventCountry "ESP"]
[SourceTitle "EXT 2011"]
[Source "ChessBase"]
[SourceDate "2010.11.26"]
[SourceVersion "1"]
[SourceVersionDate "2010.11.26"]
[SourceQuality "1"]

1. d4 d5 2. c4 c6 3. Nc3 Nf6 4. Nf3 a6 5. Bg5 Ne4 6. Nxe4 dxe4 7. Nd2 Qxd4 8. Qc2 Bf5 9. e3 Qd6 10. 0-0-0 Nd7 11. f3 Qg6 12. f4 e5 13. h4 h6 14. h5 Qe6 15. Bh4 exf4 16. Nb3 Bc5 17. Rxd7 Bxe3+ 18. Rd2 Bxd2+ 19. Qxd2 e3 20. Qc3 Qe4 21. Nc5 Qb1# 0-1